Loading...
Fine Arts - Classical Music | 2 | 30.00 | 100% | 100% | 100% |
Fine Arts - Other Fine Arts | 1 | 10.00 | 100% | 0% | 0% |
Fine Arts - Visual Fine Arts | 5 | 12.00 | 100% | 20% | 0% |
Geography/Current Events | 2 | 10.00 | 100% | 0% | 0% |
History - American History | 2 | 5.00 | 50% | 0% | 0% |
History - European History | 2 | 15.00 | 100% | 50% | 0% |
History - Other History | 4 | 15.00 | 100% | 50% | 0% |
History - World History | 3 | 16.67 | 100% | 33% | 33% |
Literature - American Literature | 6 | 11.67 | 100% | 17% | 0% |
Literature - British Literature | 5 | 16.00 | 100% | 60% | 0% |
Literature - European Literature | 5 | 14.00 | 100% | 40% | 0% |
Literature - World/Other Literature | 4 | 20.00 | 100% | 75% | 25% |
Mythology | 7 | 14.29 | 100% | 29% | 14% |
Other Academic | 3 | 16.67 | 100% | 67% | 0% |
Philosophy | 5 | 8.00 | 60% | 20% | 0% |
Religion | 3 | 10.00 | 100% | 0% | 0% |
Science - Biology | 5 | 16.00 | 100% | 60% | 0% |
Science - Chemistry | 3 | 23.33 | 100% | 100% | 33% |
Science - Other Science | 4 | 17.50 | 75% | 75% | 25% |
Science - Physics | 3 | 20.00 | 100% | 100% | 0% |
Social Science | 4 | 12.50 | 75% | 50% | 0% |